00417nam a2200169 a 450000100060000000300090000600800410001502000150005604000280007108200100009910000180010924500260012726000300015330000070018350000250019065000320021521467CO-ViMGA141112s2004 ck r 000 u spa d a9709705016 aCO-ViMGAbspacCO-ViMGA04aCOUab1 aCousins, Lucy10aA bañarse con Maisy aMexico : bSerres, c2004 a10 aLibros para bebes. 14aCUENTOS INFANTILES INGLESES